| 000 | 00604nam a2200205Ia 4500 | ||
|---|---|---|---|
| 003 | GCL | ||
| 008 | 140319s9999 xx 000 0 eng d | ||
| 040 |
_aGCL / _cGCL |
||
| 082 | 0 | 4 |
_a892.76 _bS T |
| 100 | 1 | _aSABRI EL-ASKARI | |
| 245 | 1 | 0 |
_aTEMPETE SUR CAP D'AIL: ROMAN / _cSABRI EL-ASKARI |
| 260 |
_a[S.N] : _bLE DEPARTEMENT DE L'INFORMATION ، _c1991 |
||
| 300 | _a92 P | ||
| 490 |
_aPRINCETON STUDIES IN INTERNATIONAL HISTORY AND POLITICS _v0 |
||
| 650 | 0 | 4 | _aHISTORY AND CRITICISM |
| 650 | 0 | 4 | _aARABIC LANGUAGE |
| 650 | 0 | 4 | _aARABIC LITERATURE |
| 650 | 0 | 4 | _aEGYPT - LITERATURE |
| 942 |
_2ddc _cBK |
||
| 999 |
_c20890 _d20890 |
||